Cellular transplantation : from laboratory to clinic (Record no. 125746)

MARC details
000 -LEADER
fixed length control field 00882nam a2200241Ia 4500
008 - FIXED-LENGTH DATA ELEMENTS--GENERAL INFORMATION
fixed length control field 191130s2007##################000#0#eng##
020 ## - INTERNATIONAL STANDARD BOOK NUMBER
ISBN 0123694159 (alk. paper)
082 ## - DEWEY DECIMAL CLASSIFICATION NUMBER
Classification number 616.0277
Item number HAL
245 ## - TITLE STATEMENT
Title Cellular transplantation : from laboratory to clinic
Statement of responsibility, etc editors, Craig Halberstadt, Dwaine Emerich
260 ## - PUBLICATION, DISTRIBUTION, ETC. (IMPRINT)
Place of publication Amsterdam ; Boston
Name of publisher Elsevier / Academic Press
Year of publication c2007
300 ## - PHYSICAL DESCRIPTION
Number of Pages xiv, 676 p., [8] p. of plates : ill. (some col.) ; 29 cm
500 ## - GENERAL NOTE
General note Includes bibliographical references and index
650 ## - SUBJECT ADDED ENTRY--TOPICAL TERM
Topical Term Cell transplantation
Topical Term Cellular therapy
Topical Term Central Nervous System Diseases - therapy
Topical Term Peripheral Nervous System Diseases - therapy
Topical Term Tissue Therapy
Topical Term Transplantation immunology
700 ## - ADDED ENTRY--PERSONAL NAME
Personal name Emerich, Dwaine F
Personal name Halberstadt, Craig
942 ## - ADDED ENTRY ELEMENTS (KOHA)
Koha item type English Books
Holdings
Withdrawn status Lost status Damaged status Not for loan Home library Current library Shelving location Date acquired Full call number Accession Number Price effective from Koha item type
        Anna Centenary Library Anna Centenary Library 5TH FLOOR, B WING 12.10.2020 616.0277 HAL 331642 12.10.2020 English Books

Find us on the map